Synthesis of Carbohydrates Through Biotechnology /

Guardado en:
Detalles Bibliográficos
Autores corporativos: American Chemical Society National Meeting ( Boston, EUA), American Chemical Society. Division of Carbohydrate Chemistry
Otros autores: Wang, Peng George (edición) (edición), Ichikawa, Yoshi (edición) (edición)
Formato: Procedimiento de la conferencia Libro
Idioma:Inglés
Publicado: Washington, EUA : American Chemical Society, 2004, c2004
Colección:(ACS Symposium Series ; 873)
Temas:
Etiquetas: Agrega una etiqueta
Sin etiquetas, Sé el primero en etiquetar este registro!

MARC

LEADER 00000nam^a2200000^a^4500
001 000184709
005 20250521000000.0
009 20260310102126.67
020 |a 0-8412-3865-0 
037 |a Acervo ITESO - Biblioteca 
041 |a ING 
082 |a 660.  |b ACS 2002 V. 2 
111 |a American Chemical Society National Meeting (  |n 224º :  |d 2002 :  |c Boston, EUA) 
245 1 0 |a Synthesis of Carbohydrates Through Biotechnology /  |c Ed. de P.G. Wang, Yoshi Ichikawa. 
264 4 |a Washington, EUA :  |b American Chemical Society,  |c 2004, c2004 
300 |a XI, 195 p. 
336 |a texto  |b txt  |2 rdacontenido 
337 |a sin mediación  |b n  |2 rdamedio 
338 |a volumen  |b nc  |2 rdasoporte 
440 1 |a (ACS Symposium Series ;  |v 873) 
649 |a XX 
650 |a Carbohidratos -  |x Congresos 
650 |a Síntesis de Compuestos Orgánicos -  |x Congresos 
650 |a Biotecnología 
650 |a Química Orgánica 
650 |a Ingeniería Química -  |x Congresos 
710 |a American Chemical Society.  |b Division of Carbohydrate Chemistry. 
700 |a Wang, Peng George  |e (edición) 
700 |a Ichikawa, Yoshi  |e (edición) 
910 |a Fondo General 
920 |a Impresos - Libros 
930 |a Colección General 
905 |a 101 
901 |a 0500126096  |b IT1  |c ACC  |u 20250521 
902 |a https://opac.biblio.iteso.mx/vufind/Record/000184709